|
|
|
|
| LEADER |
00000cam a2200000 a 4500 |
| 001 |
vtls001063200 |
| 003 |
SK-MaSNL |
| 005 |
20260415093858.0 |
| 008 |
240322s1990 xo odl frnp 000 0 slo |
| 015 |
|
|
|a SNBA1990/08
|
| 020 |
|
|
|a 8022702617
|q (brožované)
|
| 035 |
|
|
|a SNK000006029
|
| 035 |
|
|
|a urn:nbn:sk:snk-amlnba
|
| 035 |
|
|
|a urn:nbn:sk:snk-am00bx9u
|
| 035 |
|
|
|a 05BE2279-BE51-4AFF-8FBF-D1090039941C
|
| 040 |
|
|
|a SNK
|b slo
|c SNK
|e AACR2
|
| 041 |
0 |
|
|a slo
|
| 044 |
|
|
|a xo
|c SK
|
| 072 |
|
7 |
|a 681.5
|x Automatizačná a riadiaca technika
|2 konspekt
|
| 072 |
|
7 |
|a 37.016
|x Učebné osnovy. Vyučovacie predmety. Učebnice
|2 konspekt
|
| 072 |
|
7 |
|a 621
|x Strojárstvo
|2 konspekt
|
| 080 |
|
|
|a 621
|2 2011
|
| 080 |
|
|
|a 681.5
|2 2011
|
| 080 |
|
|
|a (076.5)
|2 2011
|
| 080 |
|
|
|a (075.8)
|2 2011
|
| 100 |
1 |
|
|a Ružička, Kamil,
|d 1938-
|4 aut
|9 37159
|
| 245 |
1 |
0 |
|a Automatizácia tvárniacich procesov
|b návody na cvičenia
|c Kamil Ružička, Anton Ulík
|
| 250 |
|
|
|a 1. vyd.
|
| 260 |
|
|
|a V Bratislave
|b Slovenská vysoká škola technická
|c 1990
|
| 300 |
|
|
|a 188 strán
|b fotografie, grafy, schémy, tabuľky
|c 30 cm
|
| 366 |
|
|
|e 100 kusov
|
| 500 |
|
|
|a Vydala Slovenská vysoká škola technická v Bratislave, Strojárskotechnologická fakulta
|
| 500 |
|
|
|a Obsahuje 10 kapitol
|
| 504 |
|
|
|a Bibliografia na konci kapitol
|
| 650 |
0 |
7 |
|a automatizácia
|2 SNKPH
|9 1428
|
| 650 |
0 |
7 |
|a tvárnenie
|2 SNKPH
|9 19489
|
| 650 |
0 |
7 |
|a strojárstvo
|2 SNKPH
|9 674
|
| 655 |
|
7 |
|a praktické cvičenia
|2 SNKPH
|9 70517
|
| 655 |
|
7 |
|a učebnice vysokých škôl
|2 SNKPH
|9 70191
|
| 700 |
1 |
|
|a Ulík, Anton,
|d 1945-
|4 aut
|9 9167
|
| 710 |
2 |
|
|a Slovenská vysoká škola technická v Bratislave.
|b Strojárskotechnologická fakulta v Trnave
|4 pbl
|9 245474
|
| 740 |
0 |
2 |
|a Komplexná automatizácia výrobných procesov
|
| 740 |
0 |
2 |
|a Automatizácia tvárniacich procesov
|
| 740 |
0 |
2 |
|a Doprava polovýrobkov a výrobkov gravitačným žľabom
|
| 740 |
0 |
2 |
|a Doprava plochých polovýrobkov vibračnými žľabmi
|
| 740 |
0 |
2 |
|a Orientácia drobných súčiastok použitím vibračných násypiek
|
| 740 |
0 |
2 |
|a Podávanie pásového plechu vo zvitkoch a pruhoch
|
| 740 |
0 |
2 |
|a Externá a interná manipulácia s kusovými polovýrobkami
|
| 740 |
0 |
2 |
|a Automatizácia montážnych tvárniacich procesov
|
| 740 |
0 |
2 |
|a Navrhovanie a projektovanie automatizovaných technologických pracovísk s priemyselnými robotmi a manipulátormi
|
| 740 |
0 |
2 |
|a Riadiace systémy automatizovaných tvárniacich strojov a PRaM
|
| 752 |
|
|
|a Slovensko
|d Bratislava
|
| 852 |
|
|
|a Slovenská národná knižnica
|
| 919 |
|
|
|a 80-227-0261-7
|
| 954 |
|
|
|a odborná, vedecká literatúra pôvodná (slovenská)
|2 lita
|
| 958 |
|
|
|a EUIPO
|
| 958 |
|
|
|a RK
|
| 958 |
|
|
|a TL
|
| 958 |
|
|
|a OND
|
| 958 |
|
|
|a UV
|
| 958 |
|
|
|a NB
|
| 999 |
|
|
|c 1133621
|d 1135551
|
| 952 |
|
|
|t P60, <04>, [BOOK], {604}
|a SNK
|b SNK
|y VYP
|7 0
|p 17A0149886
|o snkSB 47311 D1
|0 0
|1 0
|4 0
|d 1998-07-16
|l 0
|r 2004-12-31 00:00:00
|w 2026-02-24
|
| 952 |
|
|
|a SNK
|b SNK
|y PREZ
|7 0
|p 17A0873445
|o snkSB 47311
|i snkKSP 8859/90
|0 0
|1 0
|4 0
|d 2012-07-10
|f 1
|l 0
|r 2025-02-07 00:00:00
|w 2026-02-24
|